Blender Settings Quiz Stats

 Plays Quiz Updated Jun 12, 2018

Challenge
Share
Tweet
Embed
Score 0/18 Timer 04:00
8 Plays Today
Setting % Correct
blend
92%
mix
73.8%
chop
70.3%
purée
62%
ice crush
59.4%
stir
51.4%
pulse
46.2%
liquefy
44.9%
whip
39.5%
Setting % Correct
grind
39%
mash
35.7%
beat
34.6%
frappé
34.4%
grate
29.9%
mince
28.5%
cream
25%
shred
23.7%
easy clean
21%

You're not logged in!

Compare scores with friends on all Sporcle quizzes.
Join for Free
OR
Log In

You Might Also Like...

Show Comments

Extras

Top Quizzes Today


Score Distribution

Your Account Isn't Verified!

In order to create a playlist on Sporcle, you need to verify the email address you used during registration. Go to your Sporcle Settings to finish the process.

Report this User

Report this user for behavior that violates our Community Guidelines.

Details: